Robert Lowell : a tribute /
| Other Authors: | , |
|---|---|
| Format: | Book |
| Language: | English Italian Latin |
| Published: |
Pisa :
Nistri-Lischi,
1979.
|
| Series: | Profili e studi di letteratura inglese e americana ; 1
|
| Subjects: |
MARC
| Tag | First Indicator | Second Indicator | Subfields |
|---|---|---|---|
| LEADER | 00000cam a2200000 i 4500 | ||
| 001 | in00000049428 | ||
| 005 | 20151007071721.0 | ||
| 008 | 800102s1979 it af b 00000 eng | ||
| 010 | |a 79321953 | ||
| 015 | |a It79-Oct | ||
| 020 | |c L5000 | ||
| 035 | |a (OCoLC)05941071 | ||
| 035 | |9 AAE6502AM | ||
| 040 | |a DLC |c DLC |d TXA |d UtOrBLW | ||
| 041 | 0 | |a eng |a ita |a lat | |
| 043 | |a n-us--- | ||
| 049 | |a TXAM |c [981292] | ||
| 050 | 0 | 0 | |a PS3523.O89 |b Z854 |
| 082 | 0 | |a 811/.52 | |
| 245 | 0 | 0 | |a Robert Lowell : |b a tribute / |c edited by Rolando Anzilotti. |
| 264 | 1 | |a Pisa : |b Nistri-Lischi, |c 1979. | |
| 300 | |a 183 pages, 6 unnumbered leaves of plates : |b illustrations ; |c 21 cm. | ||
| 336 | |a text |b txt |2 rdacontent | ||
| 337 | |a unmediated |b n |2 rdamedia | ||
| 338 | |a volume |b nc |2 rdacarrier | ||
| 490 | 0 | |a Profili e studi di letteratura inglese e americana ; 1 | |
| 500 | |a English or Italian. | ||
| 504 | |a Bibliography: pages [175]-180. | ||
| 505 | 0 | |a Lowell, R. Epics.--Betocchi, C. L'amico Lowell.--Bertolucci, A. Robert Lowell poeta e testimone.--Brooks, E. Remembering Cal.--Caproni, G. Pagine di diario.--Luzi, M. Lowell, inquieto bostoniano.--Tentori, F. Ricordo di Lowell.--Anzilotti, R. Translating Lowell.--Del Beccaro, F. Lowell and Italy.--Lombardo, A. Notes on Robert Lowell's early poetry.--Prampolini, G. Robert Lowell's Dante.--Rizzardi, A. Robert Lowell's imitations of Italian poetry.--Rosenthal, M. L. Our neurotic angel.--Vendler, H. Robert Lowell's last days and last poems.--Zin, A. Italian bibliography on Robert Lowell. | |
| 600 | 1 | 0 | |a Lowell, Robert, |d 1917-1977. |
| 650 | 0 | |a Poets, American |y 20th century |v Biography. | |
| 700 | 1 | |a Lowell, Robert, |d 1917-1977. | |
| 700 | 1 | |a Anzilotti, Rolando. | |
| 999 | |a MARS | ||
| 999 | f | f | |s 942ea185-ce2c-31ca-91a1-06afa019804e |i e95f4b3a-1e6f-3ca5-b719-7804acf24857 |t 0 |
| 952 | f | f | |p ric |a Texas A&M University |b Rellis Campus |c Joint Library Facility |d Remote Storage |t 0 |e PS3523.O89 Z854 |h Library of Congress classification |i unmediated -- volume |m A14804097763 |
| 998 | f | f | |a PS3523.O89 Z854 |t 0 |l Remote Storage |